=LDR 00000nam 2200000 4500 =001 INLIS000000000022474 =005 20130612121228 =008 ***********************************Ind** =035 ##$$0010-061300000022474 =041 ##$$a Ind =082 ##$$a 301 =090 ##$$a 301, Phi s =100 ##$$a Philipus, Ng =245 ##$$a Sosiologi dan politik, Ng. Philipus; Nurul Aini =260 ##$$a 2004 $b Jakarta =300 ##$$a xiii, 252 hlm, 21 cm =650 ##$$a Sosiologi dan Politik =850 ##$$a NBPNMAT